Normal view
MARC view
- Madisetti, V
Entry Personal Name
001 - CONTROL NUMBER
- control field: 98039
003 - CONTROL NUMBER IDENTIFIER
- control field: NUST
005 - DATE AND TIME OF LATEST TRANSACTION
- control field: 20220818133849.0
008 - FIXED-LENGTH DATA ELEMENTS
- fixed length control field: 220818|| aca||aabn | a|a d
040 ## - CATALOGING SOURCE
- Original cataloging agency: NUST
- Transcribing agency: NUST
100 ## - HEADING--PERSONAL NAME
- Personal name: Madisetti, V
670 ## - SOURCE DATA FOUND
- Source citation: Work cat.: (NUST)175754: Madisetti, V., VLSI digital signal processors :, c1995.
